Les animaux de la ferme - Statistiques

Statistiques générales
  • Ce quiz a été pris 190 fois
  • Le résultat moyen est 12 sur 21
Statistiques - réponses
Hint Réponse % Correct
Animal Vache
99%
Animal Poule
96%
Animal Cochon
94%
Animal Cheval
90%
Animal Mouton
87%
Animal Coq
85%
Animal Chevre
82%
Animal Lapin
75%
Animal Canard
74%
Animal Taureau
73%
Animal Oie
71%
Animal Veau
69%
Animal Âne
63%
Animal Dindon
55%
Animal Truie
50%
Animal Mule
22%
Animal Pigeon
21%
Animal Cochon d’Inde
18%
Animal Caille
12%
Animal Faisan
7%
Animal Perdrix
4%
Aucun quiz correspondant
Distribution des résultats
% des personnes avec chaque résultat
Percentile par nombre de réponses
Votre historique - résultats
Vous n’avez pas pris ce quiz